[Event "Gibtelecom Festival 2010 - Challenger 2"]
[Site "Gibraltar ENG"]
[Date "2010.02.03"]
[Round "4.22"]
[White "Hamer, Martyn"]
[Black "Mlynek, Petr"]
[Result "1/2-1/2"]
[WhiteElo "2039"]
[BlackElo "2218"]
[PlyCount "82"]
[EventDate "2010.01.31"]
[EventType "swiss"]
[EventRounds "5"]
[EventCountry "ENG"]
[Source "lmi"]
[SourceDate "2010.01.31"]

1. e4 d6 2. d4 Nf6 3. Nc3 g6 4. f4 Bg7 5. Nf3 c5 6. dxc5 Qa5 7. Bd3 Qxc5 8. Qe2
O-O 9. Be3 Qa5 10. O-O Nc6 11. Kh1 Bd7 12. a3 Rac8 13. Rad1 a6 14. h3 Nh5 15.
Qf2 Bxc3 16. bxc3 Qxc3 17. f5 Ne5 18. g4 Ng7 19. Nxe5 dxe5 20. Qh4 Qxa3 21. Bh6
f6 22. g5 Rf7 23. fxg6 hxg6 24. gxf6 exf6 25. Rxf6 Rxf6 26. Qxf6 Qf8 27. Qxf8+
Kxf8 28. Bxa6 Bxh3 29. Bxb7 Rc7 30. Rd3 Rxb7 31. Rxh3 Kg8 32. Rb3 Rxb3 33. cxb3
Ne6 34. b4 Kf7 35. Be3 Ke7 36. Kg2 Kd6 37. b5 Nd4 38. Bxd4 exd4 39. e5+ Kxe5
40. b6 Kd6 41. Kf3 Kc6 1/2-1/2

[Event "Gibtelecom Festival 2010 - Challenger 2"]
[Site "Gibraltar ENG"]
[Date "2010.02.03"]
[Round "4.23"]
[White "Byron, Alan M"]
[Black "Cafolla, Peter"]
[Result "1-0"]
[WhiteElo "2196"]
[BlackElo "2042"]
[PlyCount "71"]
[EventDate "2010.01.31"]
[EventType "swiss"]
[EventRounds "5"]
[EventCountry "ENG"]
[Source "lmi"]
[SourceDate "2010.01.31"]

1. e4 c5 2. Nc3 a6 3. g3 b5 4. d3 Bb7 5. Bg2 e6 6. f4 Nf6 7. Nf3 d5 8. e5 Nfd7
9. d4 Nc6 10. Ne2 cxd4 11. Nexd4 Be7 12. O-O O-O 13. a3 Qc7 14. Kh1 b4 15. axb4
Nxb4 16. Bd2 Nc6 17. Bc3 Rfc8 18. f5 Nxd4 19. Nxd4 Nxe5 20. Qe2 Nc6 21. fxe6
Nxd4 22. exf7+ Kf8 23. Bxd4 Bc5 24. Rae1 Be7 25. Qg4 g6 26. Qh3 h5 27. Qe6 Qd6
28. Qe3 g5 29. Bg7+ Kxg7 30. Qxe7 Qxe7 31. Rxe7 Kf8 32. Rxb7 Rxc2 33. Bxd5 Rd8
34. Bg2 a5 35. Re1 a4 36. Rbe7 1-0

[Event "Gibtelecom Festival 2010 - Challenger 2"]
[Site "Gibraltar ENG"]
[Date "2010.02.03"]
[Round "4.24"]
[White "Odeh, Kenneth"]
[Black "Kvisla, Johannes Luangtep"]
[Result "1-0"]
[WhiteElo "2012"]
[BlackElo "2161"]
[PlyCount "139"]
[EventDate "2010.01.31"]
[EventType "swiss"]
[EventRounds "5"]
[EventCountry "ENG"]
[Source "lmi"]
[SourceDate "2010.01.31"]

1. e4 e5 2. Nf3 Nc6 3. Bb5 a6 4. Bxc6 dxc6 5. O-O Bg4 6. h3 h5 7. d3 Qf6 8.
Nbd2 Ne7 9. Re1 Ng6 10. c3 c5 11. hxg4 hxg4 12. Nh2 O-O-O 13. Qxg4+ Kb8 14.
Ndf3 Rxd3 15. Bg5 Qb6 16. Rab1 c4 17. Be3 Qa5 18. Qf5 Bc5 19. Bxc5 Qxc5 20.
Rbd1 Qe7 21. Qg5 Qc5 22. Rxd3 cxd3 23. Rd1 Nf4 24. Qxg7 Re8 25. Qxf7 Rd8 26.
Rd2 Qc6 27. Qf5 Rg8 28. g3 Qh6 29. Qxe5 Ne2+ 30. Kg2 Nf4+ 31. Kh1 Nh3 32. Qd5
Rh8 33. Qxd3 Ng5 34. Nh4 Nxe4 35. Re2 Ng5 36. Qg6 Qxg6 37. Nxg6 Rh6 38. Nh4 b5
39. Kg2 a5 40. Re5 Nf7 41. Rxb5+ Ka7 42. Rxa5+ Kb6 43. Rd5 Re6 44. Kf1 Nd6 45.
N2f3 Nc4 46. b3 Nd6 47. g4 Re8 48. g5 Ra8 49. a4 Ne4 50. Rd3 Nc5 51. Rd4 Ne6
52. Rg4 c5 53. g6 Rd8 54. g7 Nxg7 55. Rxg7 Rd3 56. Rg6+ Ka5 57. b4+ cxb4 58.
cxb4+ Kxb4 59. Rg4+ Ka5 60. Ke2 Rd6 61. Ne5 Rh6 62. Re4 Rh5 63. Nhf3 Rh6 64.
Nd4 Rh1 65. Nb3+ Ka6 66. Rb4 Rg1 67. Rb5 Rh1 68. Nc5+ Ka7 69. Nc6+ Ka8 70. Ra5#
1-0

[Event "Gibtelecom Festival 2010 - Challenger 2"]
[Site "Gibraltar ENG"]
[Date "2010.02.03"]
[Round "4.25"]
[White "Marder, Simon"]
[Black "Aerni, Andi"]
[Result "1-0"]
[WhiteElo "1993"]
[BlackElo "2137"]
[PlyCount "55"]
[EventDate "2010.01.31"]
[EventType "swiss"]
[EventRounds "5"]
[EventCountry "ENG"]
[Source "lmi"]
[SourceDate "2010.01.31"]

1. d4 d5 2. e4 c6 3. f3 Nf6 4. e5 Nfd7 5. c3 e6 6. f4 c5 7. a3 Nc6 8. Nf3 Be7
9. b4 cxd4 10. cxd4 O-O 11. Bd3 f6 12. O-O f5 13. Be3 Nb6 14. Qe2 Bd7 15. Nbd2
a5 16. b5 Na7 17. a4 Rc8 18. Nb3 Bb4 19. Nc5 Qe7 20. Rfc1 Be8 21. Bd2 Bxc5 22.
dxc5 Rxc5 23. Be3 Rxc1+ 24. Rxc1 Qd8 25. Bc5 Bh5 26. Qf2 Nac8 27. Bxf8 Qxf8 28.
Qc5 1-0

[Event "Gibtelecom Festival 2010 - Challenger 2"]
[Site "Gibraltar ENG"]
[Date "2010.02.03"]
[Round "4.26"]
[White "Rujan, Rodel-Marinel"]
[Black "Gunnesdal, Lars"]
[Result "0-1"]
[WhiteElo "1940"]
[BlackElo "2125"]
[PlyCount "168"]
[EventDate "2010.01.31"]
[EventType "swiss"]
[EventRounds "5"]
[EventCountry "ENG"]
[Source "lmi"]
[SourceDate "2010.01.31"]

1. e4 c5 2. Nf3 d6 3. d3 Nc6 4. g3 g6 5. Bg2 Bg7 6. O-O e6 7. c3 Nge7 8. Nbd2
O-O 9. Qc2 Rb8 10. Rb1 b6 11. a3 Bb7 12. b4 Qc7 13. b5 Ne5 14. Nxe5 dxe5 15.
Nc4 Rbd8 16. Rd1 f5 17. f3 Nc8 18. Bg5 Rd7 19. Qb3 h6 20. Be3 Kh7 21. a4 Qd8
22. Rb2 Nd6 23. Rbd2 Qe7 24. a5 Nxc4 25. Qxc4 Rfd8 26. Ra2 Bc8 27. Bf1 Bf6 28.
Be2 Kg7 29. Kg2 g5 30. g4 Rd6 31. h3 Rh8 32. Rh1 h5 33. Raa1 Kg6 34. Bf2 hxg4
35. hxg4 f4 36. Rxh8 Bxh8 37. axb6 axb6 38. Bxc5 bxc5 39. Qxc5 Qf8 40. Ra8 Rd8
41. Qc7 Bf6 42. b6 Bd7 43. b7 Rxa8 44. bxa8=Q Qxa8 45. Qxd7 Qa2 46. Qe8+ Kg7
47. Kf2 Qd2 48. Qd7+ Kg6 49. Qc6 Qe3+ 50. Kf1 Qc1+ 51. Kg2 Qe1 52. Qe8+ Kg7 53.
Qd7+ Kh6 54. Qxe6 Qxe2+ 55. Kg1 Qe1+ 56. Kh2 Qg3+ 57. Kh1 Qxf3+ 58. Kh2 Kg7 59.
Qd7+ Kf8 60. Qc8+ Kg7 61. Qd7+ Kf8 62. Qc8+ Ke7 63. Qc7+ Ke8 64. Qc8+ Bd8 65.
Qe6+ Kf8 66. Qf5+ Ke8 67. Qxe5+ Be7 68. Qh8+ Kd7 69. Qd4+ Ke8 70. Qa4+ Kf8 71.
Qa8+ Kg7 72. Qb7 Qg3+ 73. Kh1 Qh3+ 74. Kg1 Qxg4+ 75. Kf1 Kf7 76. Qd5+ Qe6 77.
Qb5 Kg6 78. Kf2 Bf6 79. Qc5 g4 80. c4 Qe5 81. Qc8 Qd4+ 82. Ke2 f3+ 83. Kd2 Qb2+
84. Ke3 Bg5# 0-1

[Event "Gibtelecom Festival 2010 - Challenger 2"]
[Site "Gibraltar ENG"]
[Date "2010.02.03"]
[Round "4.28"]
[White "De Lillo, Michele"]
[Black "Jayakumar, Adarsh"]
[Result "0-1"]
[WhiteElo "1934"]
[BlackElo "2090"]
[PlyCount "76"]
[EventDate "2010.01.31"]
[EventType "swiss"]
[EventRounds "5"]
[EventCountry "ENG"]
[Source "lmi"]
[SourceDate "2010.01.31"]

1. e4 c5 2. Nf3 Nc6 3. d4 cxd4 4. Nxd4 Nf6 5. Nc3 e5 6. Ndb5 d6 7. Bg5 a6 8.
Na3 b5 9. Nd5 Be7 10. Bxf6 Bxf6 11. c3 O-O 12. Nc2 Bg5 13. Bd3 Ne7 14. Nce3 Be6
15. a4 bxa4 16. Rxa4 a5 17. Bb5 Bxe3 18. Nxe3 Qb6 19. Qe2 Rfb8 20. c4 Nc6 21.
Nc2 Na7 22. Na3 Nxb5 23. Nxb5 Bd7 24. Kd2 Bxb5 25. cxb5 Qxb5 26. Qxb5 Rxb5 27.
Rb1 Rab8 28. b3 Kf8 29. Rba1 Rxb3 30. Rxa5 Rb2+ 31. Ke1 Rc8 32. Ra8 Rxa8 33.
Rxa8+ Ke7 34. Ra7+ Ke6 35. Kf1 h5 36. h4 Rd2 37. f3 f5 38. Ke1 Rxg2 0-1

[Event "Gibtelecom Festival 2010 - Challenger 2"]
[Site "Gibraltar ENG"]
[Date "2010.02.03"]
[Round "4.29"]
[White "Osttveit, Martin"]
[Black "Lake, Andrew N"]
[Result "0-1"]
[WhiteElo "2069"]
[BlackElo "1840"]
[PlyCount "117"]
[EventDate "2010.01.31"]
[EventType "swiss"]
[EventRounds "5"]
[EventCountry "ENG"]
[Source "lmi"]
[SourceDate "2010.01.31"]

1. g3 e5 2. Bg2 Nf6 3. d3 Be7 4. c4 d6 5. Nc3 c6 6. Nf3 Qc7 7. e4 h6 8. O-O Be6
9. Qe2 Nbd7 10. d4 Nh7 11. d5 Bg4 12. h3 Bh5 13. Qc2 Bg6 14. Nh2 Nhf6 15. Qe2
Qa5 16. a3 cxd5 17. cxd5 Rc8 18. f4 a6 19. f5 Bh7 20. Be3 Qd8 21. Rac1 O-O 22.
h4 Kh8 23. g4 Ng8 24. Nf3 Bxh4 25. Nxh4 Qxh4 26. Rf2 Qd8 27. g5 hxg5 28. Qh5 f6
29. Bf1 Qe8 30. Qf3 Nh6 31. Rh2 Rf7 32. Be2 Nc5 33. Qf2 Rfc7 34. Rd1 Na4 35.
Bh5 Qd7 36. Nb1 Nc5 37. Nd2 Qe7 38. b4 Nd7 39. Nf3 Rc4 40. Qg3 Rxe4 41. Nd2
Rxe3 42. Qxe3 Nxf5 43. Qd3 Nh6 44. Qe3 f5 45. Nf3 f4 46. Qd2 g4 47. Ne1 Nf6 48.
Rc1 Rf8 49. Qd1 Be4 50. Bxg4 Nxd5 51. Qe2 Ne3 52. Bf3 Qg5+ 53. Kh1 Nef5 54. Rg2
Ng3+ 55. Rxg3 Qxg3 56. Bxe4 Ng4 57. Qg2 Nf2+ 58. Kg1 Nxe4 59. Nf3 0-1

[Event "Gibtelecom Festival 2010 - Challenger 2"]
[Site "Gibraltar ENG"]
[Date "2010.02.03"]
[Round "4.30"]
[White "Thingstad, Even"]
[Black "Grant, David"]
[Result "1-0"]
[WhiteElo "2141"]
[BlackElo "1913"]
[PlyCount "69"]
[EventDate "2010.01.31"]
[EventType "swiss"]
[EventRounds "5"]
[EventCountry "ENG"]
[Source "lmi"]
[SourceDate "2010.01.31"]

1. d4 g6 2. c4 Nf6 3. Nc3 d6 4. e4 Bg7 5. f4 c5 6. d5 O-O 7. Nf3 a6 8. Be2 b5
9. Qc2 bxc4 10. O-O Nbd7 11. Nd2 Nb6 12. Nxc4 Ng4 13. Nxb6 Qxb6 14. Bc4 Bd4+
15. Kh1 Ne3 16. Bxe3 Bxe3 17. Ne2 Bg4 18. Nc3 Bd7 19. Ne2 Bg4 20. b3 Bxe2 21.
Qxe2 Bd4 22. Rae1 Bc3 23. Rd1 Bg7 24. Rd3 a5 25. a4 Qb4 26. Rh3 Qa3 27. Qe1 Qb2
28. Qh4 h6 29. Qxe7 Rfd8 30. e5 Bf8 31. Qc7 h5 32. e6 Qf6 33. f5 gxf5 34. Rxh5
Be7 35. Rhxf5 1-0

[Event "Gibtelecom Festival 2010 - Challenger 2"]
[Site "Gibraltar ENG"]
[Date "2010.02.03"]
[Round "4.31"]
[White "Dennis, Nigel W"]
[Black "Arvola, Benjamin"]
[Result "1/2-1/2"]
[WhiteElo "1957"]
[BlackElo "2218"]
[PlyCount "44"]
[EventDate "2010.01.31"]
[EventType "swiss"]
[EventRounds "5"]
[EventCountry "ENG"]
[Source "lmi"]
[SourceDate "2010.01.31"]

1. e4 Nf6 2. e5 Nd5 3. c4 Nb6 4. d4 d6 5. f4 g6 6. Nc3 Bg7 7. Be3 O-O 8. c5
N6d7 9. Nf3 b6 10. cxd6 cxd6 11. Bd3 Bb7 12. Be4 Bxe4 13. Nxe4 dxe5 14. dxe5
Qc7 15. Qd5 Qc6 16. Qxc6 Nxc6 17. Ke2 Rfc8 18. Rhd1 Nf8 19. Rac1 Ne6 20. Rd7
Kf8 21. a3 Ke8 22. Rd3 Na5 1/2-1/2

[Event "Gibtelecom Festival 2010 - Challenger 2"]
[Site "Gibraltar ENG"]
[Date "2010.02.03"]
[Round "4.32"]
[White "Tjolsen, Katrine"]
[Black "Livesey, Nigel"]
[Result "1-0"]
[WhiteElo "2212"]
[BlackElo "1894"]
[PlyCount "99"]
[EventDate "2010.01.31"]
[EventType "swiss"]
[EventRounds "5"]
[EventCountry "ENG"]
[Source "lmi"]
[SourceDate "2010.01.31"]

1. e4 Nf6 2. e5 Nd5 3. d4 d6 4. c4 Nb6 5. exd6 exd6 6. Nc3 Be7 7. Bd3 Nc6 8.
Nge2 Bg4 9. Be3 Bxe2 10. Nxe2 Bf6 11. Rc1 O-O 12. O-O Qd7 13. h3 g6 14. Bb1 d5
15. b3 a5 16. Qd2 Bg7 17. a3 Nd8 18. Bh6 Ne6 19. c5 Nc8 20. h4 Bxh6 21. Qxh6
Ng7 22. Ng3 Ne7 23. Qg5 f6 24. Qd2 Nef5 25. Nxf5 Nxf5 26. h5 g5 27. Qd3 Nh6 28.
c6 bxc6 29. Rxc6 Rf7 30. Rfc1 Ra7 31. Qb5 Qd8 32. Qc5 Rb7 33. Qxa5 Kg7 34. b4
Qd7 35. Qa6 Rb6 36. Rxb6 cxb6 37. Qxb6 Qg4 38. Qb5 Qf4 39. Rf1 Ng4 40. g3 Qxd4
41. Qd3 Qxd3 42. Bxd3 Ra7 43. Ra1 Ne5 44. Bf1 Nf3+ 45. Kg2 g4 46. a4 Kh6 47. a5
d4 48. b5 Ne5 49. b6 Rd7 50. a6 1-0

[Event "Gibtelecom Festival 2010 - Challenger 2"]
[Site "Gibraltar ENG"]
[Date "2010.02.03"]
[Round "4.33"]
[White "Molina, Antonio"]
[Black "Bishop, Geoffrey L"]
[Result "1-0"]
[WhiteElo "2148"]
[BlackElo "1851"]
[PlyCount "49"]
[EventDate "2010.01.31"]
[EventType "swiss"]
[EventRounds "5"]
[EventCountry "ENG"]
[Source "lmi"]
[SourceDate "2010.01.31"]

1. d4 Nf6 2. c4 g6 3. Nc3 Bg7 4. e4 O-O 5. Nf3 d6 6. Be2 e5 7. O-O Nc6 8. d5
Ne7 9. Ne1 c6 10. Be3 c5 11. Nd3 Ne8 12. f4 f5 13. fxe5 dxe5 14. Bxc5 f4 15. b3
b6 16. Bb4 Bd7 17. Rc1 Rc8 18. Kh1 g5 19. c5 bxc5 20. Nxc5 Rf6 21. Nxd7 Qxd7
22. Bg4 Qb7 23. Bxe7 Rxc3 24. Bxf6 Rxc1 25. Be6+ 1-0

[Event "Gibtelecom Festival 2010 - Challenger 2"]
[Site "Gibraltar ENG"]
[Date "2010.02.03"]
[Round "4.34"]
[White "Jacobsen, Fredrik Beer"]
[Black "Hagen, Anders Gjerdrum"]
[Result "0-1"]
[WhiteElo "1952"]
[BlackElo "2108"]
[PlyCount "42"]
[EventDate "2010.01.31"]
[EventType "swiss"]
[EventRounds "5"]
[EventCountry "ENG"]
[Source "lmi"]
[SourceDate "2010.01.31"]

1. e4 c6 2. d4 d5 3. exd5 cxd5 4. c4 Nf6 5. Nc3 g6 6. Nf3 Bg7 7. Bf4 O-O 8. c5
Nc6 9. Bd3 Bg4 10. Bb5 Bxf3 11. gxf3 Nh5 12. Be3 e5 13. Bxc6 bxc6 14. Ne2 Qf6
15. dxe5 Qxf3 16. Ng3 Qg2 17. Ke2 Nxg3+ 18. hxg3 Bxe5 19. Qd2 Rab8 20. Rab1 d4
21. Bh6 Qe4+ 0-1

[Event "Gibtelecom Festival 2010 - Challenger 2"]
[Site "Gibraltar ENG"]
[Date "2010.02.03"]
[Round "4.35"]
[White "Moreno Cervera, Jose Luis"]
[Black "Fegan, Chris"]
[Result "1-0"]
[WhiteElo "1929"]
[BlackElo "2093"]
[PlyCount "37"]
[EventDate "2010.01.31"]
[EventType "swiss"]
[EventRounds "5"]
[EventCountry "ENG"]
[Source "lmi"]
[SourceDate "2010.01.31"]

1. d4 g6 2. Bf4 Bg7 3. e3 c5 4. c3 Qb6 5. Qb3 Nc6 6. Nf3 d6 7. Bb5 a6 8. Ba4
Qc7 9. dxc5 e5 10. cxd6 Qxd6 11. Bxc6+ bxc6 12. Bg3 Rb8 13. Qc2 Bg4 14. Nbd2 f5
15. Nc4 Qc5 16. Nfxe5 Rb7 17. O-O Bh5 18. Qd2 Ke7 19. Nxg6+ 1-0

[Event "Gibtelecom Festival 2010 - Challenger 2"]
[Site "Gibraltar ENG"]
[Date "2010.02.03"]
[Round "4.36"]
[White "Gravett, Alan D"]
[Black "Pendlebury, Ian G"]
[Result "1/2-1/2"]
[WhiteElo "1926"]
[BlackElo "2091"]
[PlyCount "75"]
[EventDate "2010.01.31"]
[EventType "swiss"]
[EventRounds "5"]
[EventCountry "ENG"]
[Source "lmi"]
[SourceDate "2010.01.31"]

1. g3 d5 2. Nf3 c6 3. Bg2 Bg4 4. c4 Bxf3 5. Bxf3 e6 6. cxd5 exd5 7. d4 Bd6 8.
O-O Nf6 9. Nc3 Nbd7 10. e4 dxe4 11. Bxe4 Nb6 12. Bg5 Be7 13. Bg2 O-O 14. Re1
Re8 15. Ne4 Nxe4 16. Bxe7 Rxe7 17. Bxe4 Rd7 18. Qb3 Rxd4 19. a4 Qf6 20. Re2
Rad8 21. Rae1 g6 22. a5 Nc4 23. Qxb7 Nxa5 24. Qxa7 Nc4 25. Qc5 Ne5 26. Bg2 Nd7
27. Qxc6 Qxc6 28. Bxc6 Nf6 29. Re7 R8d6 30. Be8 Nxe8 31. Rxe8+ Kg7 32. Rb8 Rd2
33. Rb7 Rf6 34. Rf1 Re6 35. b4 Ree2 36. b5 Rb2 37. Kg2 Rb3 38. Rc1 1/2-1/2

[Event "Gibtelecom Festival 2010 - Challenger 2"]
[Site "Gibraltar ENG"]
[Date "2010.02.03"]
[Round "4.37"]
[White "Obiamiwe, Paul"]
[Black "Wiltshire, Michael R"]
[Result "1-0"]
[WhiteElo "2046"]
[BlackElo "1816"]
[PlyCount "85"]
[EventDate "2010.01.31"]
[EventType "swiss"]
[EventRounds "5"]
[EventCountry "ENG"]
[Source "lmi"]
[SourceDate "2010.01.31"]

1. e4 b6 2. d4 Bb7 3. Nc3 g6 4. Bd3 Bg7 5. Nf3 e6 6. O-O Ne7 7. Re1 O-O 8. e5
d5 9. Ne2 Nd7 10. Ng3 Kh8 11. Bg5 Qe8 12. h3 Ng8 13. b4 f6 14. exf6 Ndxf6 15.
Qe2 Bc8 16. b5 Ne7 17. a4 Bd7 18. Ne5 Nf5 19. c3 Rd8 20. Nf1 Bc8 21. Nc6 Rd6
22. Nxa7 Bd7 23. Bf4 e5 24. Bxe5 Re6 25. Qd2 Bh6 26. f4 Ne7 27. g4 Bg7 28. Bxc7
Ne4 29. Bxe4 Rxe4 30. Rxe4 dxe4 31. d5 Qf7 32. Rd1 g5 33. f5 Qf6 34. Nc6 Bxc6
35. bxc6 Nxf5 36. gxf5 Qxf5 37. Qg2 Bxc3 38. Bxb6 h5 39. Ne3 Qe5 40. Rf1 Rxf1+
41. Kxf1 Qf4+ 42. Qf2 Be5 43. Qxf4 1-0

[Event "Gibtelecom Festival 2010 - Challenger 2"]
[Site "Gibraltar ENG"]
[Date "2010.02.03"]
[Round "4.38"]
[White "Plater, Ronald"]
[Black "Seitz, Benjamin"]
[Result "1-0"]
[WhiteElo "1904"]
[BlackElo "2017"]
[PlyCount "81"]
[EventDate "2010.01.31"]
[EventType "swiss"]
[EventRounds "5"]
[EventCountry "ENG"]
[Source "lmi"]
[SourceDate "2010.01.31"]

1. d4 Nf6 2. Nf3 e6 3. c4 c5 4. g3 cxd4 5. Nxd4 Nc6 6. Bg2 Bb4+ 7. Bd2 Qb6 8.
Nb3 Bxd2+ 9. Qxd2 Qb4 10. Qxb4 Nxb4 11. Nd4 a6 12. a3 Nc6 13. e3 Nxd4 14. exd4
Rb8 15. b4 b6 16. Nd2 Bb7 17. Bxb7 Rxb7 18. Ke2 Ke7 19. Kd3 d6 20. Rhe1 Rd8 21.
f4 b5 22. c5 dxc5 23. bxc5 Rbd7 24. Nf3 Rd5 25. Kc3 Nd7 26. Kb3 Nxc5+ 27. dxc5
Rd3+ 28. Kb4 Rxf3 29. Ka5 Rc3 30. Rec1 Rdd3 31. Kxa6 Rxa3+ 32. Rxa3 Rxa3+ 33.
Kb7 b4 34. c6 b3 35. c7 b2 36. c8=Q Rb3+ 37. Ka6 Ra3+ 38. Kb5 bxc1=Q 39. Qxc1
Rd3 40. Qc5+ Kf6 41. Qg5# 1-0

[Event "Gibtelecom Festival 2010 - Challenger 2"]
[Site "Gibraltar ENG"]
[Date "2010.02.03"]
[Round "4.39"]
[White "Kelly, Paul J"]
[Black "McBeth, Michael J"]
[Result "0-1"]
[WhiteElo "1880"]
[BlackElo "2011"]
[PlyCount "60"]
[EventDate "2010.01.31"]
[EventType "swiss"]
[EventRounds "5"]
[EventCountry "ENG"]
[Source "lmi"]
[SourceDate "2010.01.31"]

1. e4 e5 2. Nf3 Nc6 3. Bc4 Bc5 4. b4 Bxb4 5. c3 Ba5 6. d4 exd4 7. O-O d6 8. Qb3
Qf6 9. e5 dxe5 10. Re1 Bb6 11. Bg5 Qf5 12. Bb5 f6 13. cxd4 Bd7 14. Bxc6 Bxc6
15. Nxe5 O-O-O 16. Nxc6 bxc6 17. Be3 Ne7 18. Qc4 Rhe8 19. Nc3 Kb8 20. a4 a5 21.
Rab1 Kb7 22. f3 Nd5 23. Ne4 Nb4 24. Rb3 Qd5 25. Qc3 f5 26. Nd2 Rxe3 27. Rxe3
Bxd4 28. Rxb4+ axb4 29. Qxb4+ Kc8 30. Nc4 f4 0-1

[Event "Gibtelecom Festival 2010 - Challenger 2"]
[Site "Gibraltar ENG"]
[Date "2010.02.03"]
[Round "4.40"]
[White "Nwachukwu, Chino"]
[Black "Loerke, Reinhard"]
[Result "0-1"]
[WhiteElo "1848"]
[BlackElo "1981"]
[PlyCount "78"]
[EventDate "2010.01.31"]
[EventType "swiss"]
[EventRounds "5"]
[EventCountry "ENG"]
[Source "lmi"]
[SourceDate "2010.01.31"]

1. e4 e5 2. Nf3 Nc6 3. Bb5 Bc5 4. c3 Nf6 5. d4 exd4 6. e5 Nd5 7. cxd4 Bb4+ 8.
Bd2 Qe7 9. Nc3 Nxc3 10. bxc3 Ba5 11. O-O O-O 12. Bc4 h6 13. Re1 d6 14. e6 fxe6
15. d5 Ne5 16. Nxe5 dxe5 17. Rxe5 Qf6 18. Qe2 Bb6 19. dxe6 Qe7 20. Rf1 c6 21.
Qe4 Rf6 22. Bd3 Bxe6 23. Rxe6 Rxe6 24. Bc4 Re8 25. Re1 Kf7 26. Be3 Kf8 27. Qh7
Qf6 28. Bxe6 Rxe6 29. Qh8+ Kf7 30. Qc8 Re7 31. Rc1 Rxe3 32. Qd7+ Re7 33. Qd2
Bc7 34. g3 Qf3 35. Qd4 Bb6 36. Qc4+ Kf8 37. Rf1 Re2 38. Qf4+ Qxf4 39. gxf4 Rxa2
0-1

[Event "Gibtelecom Festival 2010 - Challenger 2"]
[Site "Gibraltar ENG"]
[Date "2010.02.03"]
[Round "4.41"]
[White "Sigamoney, Cyril S"]
[Black "Zanetti, Bruno"]
[Result "0-1"]
[WhiteElo "1783"]
[BlackElo "1978"]
[PlyCount "107"]
[EventDate "2010.01.31"]
[EventType "swiss"]
[EventRounds "5"]
[EventCountry "ENG"]
[Source "lmi"]
[SourceDate "2010.01.31"]

1. d4 d5 2. Bf4 g6 3. e3 Bg7 4. c4 Nf6 5. Nc3 O-O 6. h3 dxc4 7. Bxc4 c5 8. d5
Qa5 9. Nge2 Ne4 10. O-O Nxc3 11. bxc3 b5 12. Bd3 Bb7 13. c4 Bxa1 14. Qxa1 f6
15. Nc3 b4 16. Nb5 Rc8 17. Qb1 Kf7 18. d6 e5 19. Be4 Qb6 20. Bg3 Nd7 21. Nc7
Rab8 22. f4 Qxd6 23. fxe5 Nxe5 24. Nd5 Bxd5 25. Bxd5+ Kg7 26. Qe4 Re8 27. Qc2
Rb6 28. Kh1 Reb8 29. Qe4 Re8 30. Qc2 Ra6 31. Bh4 Nd7 32. Qf2 Qe5 33. Re1 Qf5
34. Qd2 Ne5 35. e4 Qd7 36. Qe2 Qa4 37. Rf1 g5 38. Bg3 Qxa2 39. Qh5 Ng6 40. e5
Rxe5 41. Bxe5 Nxe5 42. Qe8 b3 43. Qe7+ Kh6 44. Qf8+ Kh5 45. g3 Qc2 46. Bf7+
Nxf7 47. Qxf7+ Qg6 48. Qb7 Rb6 49. Qxa7 Qe4+ 50. Kg1 Qb7 51. g4+ Kh4 52. Qa5
Qc7 53. Rf3 Qe5 54. Qxb6 0-1

[Event "Gibtelecom Festival 2010 - Challenger 2"]
[Site "Gibraltar ENG"]
[Date "2010.02.03"]
[Round "4.42"]
[White "Whatley, Stephen Arthur J"]
[Black "Helin, Mikael"]
[Result "0-1"]
[WhiteElo "1408"]
[BlackElo "1972"]
[PlyCount "72"]
[EventDate "2010.01.31"]
[EventType "swiss"]
[EventRounds "5"]
[EventCountry "ENG"]
[Source "lmi"]
[SourceDate "2010.01.31"]

1. d4 c5 2. d5 Nf6 3. Nc3 a6 4. e4 d6 5. Bg5 Nbd7 6. f4 h6 7. Bh4 Qb6 8. Rb1 g5
9. fxg5 Nxe4 10. Nxe4 Qb4+ 11. Nc3 Qxh4+ 12. g3 Qxg5 13. Nf3 Qh5 14. Bg2 Bg7
15. Ne4 Nb6 16. Nfd2 Bg4 17. Qc1 Nxd5 18. Nc4 Bh3 19. O-O Bxg2 20. Kxg2 Qe2+
21. Kg1 Bd4+ 22. Nf2 Qxc4 23. Qd2 Ne3 24. Rfc1 Qd5 25. Nd3 Nc4+ 26. Qf2 Nd2 27.
Ra1 c4 28. Nf4 Bxf2+ 29. Kxf2 Qf3+ 30. Ke1 Ne4 31. Nh3 Qg2 32. Rd1 Qxh3 33. Ke2
Qxh2+ 34. Ke3 f5 35. Kd4 Qf2+ 36. Kd5 Qc5+ 0-1

[Event "Gibtelecom Festival 2010 - Challenger 2"]
[Site "Gibraltar ENG"]
[Date "2010.02.03"]
[Round "4.43"]
[White "Young, Mel J"]
[Black "Rough, Robert E"]
[Result "1/2-1/2"]
[WhiteElo "1971"]
[BlackElo "1811"]
[PlyCount "38"]
[EventDate "2010.01.31"]
[EventType "swiss"]
[EventRounds "5"]
[EventCountry "ENG"]
[Source "lmi"]
[SourceDate "2010.01.31"]

1. e4 d5 2. d4 dxe4 3. Nc3 c6 4. f3 e3 5. Bxe3 Nf6 6. Bc4 Bf5 7. Nge2 e6 8. Ng3
Bg6 9. Bd3 Be7 10. O-O Nbd7 11. Nge4 O-O 12. Nxf6+ Nxf6 13. Bxg6 hxg6 14. Qe2
Nd5 15. Nxd5 exd5 16. f4 Re8 17. Qf3 Bd6 18. Rae1 Qc7 19. g3 Re4 1/2-1/2

[Event "Gibtelecom Festival 2010 - Challenger 2"]
[Site "Gibraltar ENG"]
[Date "2010.02.03"]
[Round "4.44"]
[White "Murray, J Stephen"]
[Black "Hansen, Erle Andrea Marki"]
[Result "0-1"]
[WhiteElo "1927"]
[BlackElo "1699"]
[PlyCount "72"]
[EventDate "2010.01.31"]
[EventType "swiss"]
[EventRounds "5"]
[EventCountry "ENG"]
[Source "lmi"]
[SourceDate "2010.01.31"]

1. e4 c5 2. Nf3 e6 3. Nc3 Nc6 4. Bb5 Qc7 5. O-O Nf6 6. Re1 Be7 7. d4 cxd4 8.
Nxd4 Nxd4 9. Qxd4 Bc5 10. Qd1 a6 11. Bd3 d6 12. Be3 e5 13. h3 Be6 14. a3 b5 15.
Qe2 O-O 16. Bg5 Nd7 17. Nd5 Bxd5 18. exd5 f5 19. Qd2 f4 20. Qe2 Rf7 21. Qh5 Nf8
22. Kf1 h6 23. Bh4 g5 24. Bxg5 hxg5 25. Qxg5+ Rg7 26. Qh5 Qe7 27. Be4 Nd7 28.
Bf5 Nf8 29. Qe2 Qg5 30. Be4 Nd7 31. c4 bxc4 32. Qxc4 Qh4 33. Qe2 Nf6 34. Bf3 e4
35. Bxe4 Nxe4 36. Rac1 f3 0-1

[Event "Gibtelecom Festival 2010 - Challenger 2"]
[Site "Gibraltar ENG"]
[Date "2010.02.03"]
[Round "4.45"]
[White "Kympergr, Vojtech"]
[Black "Chidi, Lovinia Sylvia"]
[Result "1/2-1/2"]
[WhiteElo "1599"]
[BlackElo "1832"]
[PlyCount "78"]
[EventDate "2010.01.31"]
[EventType "swiss"]
[EventRounds "5"]
[EventCountry "ENG"]
[Source "lmi"]
[SourceDate "2010.01.31"]

1. e4 e5 2. Nf3 Nc6 3. d4 exd4 4. Bc4 Be7 5. c3 d6 6. Qb3 Nf6 7. Bxf7+ Kf8 8.
Bd5 Nxd5 9. Qxd5 Ne5 10. Nxe5 dxe5 11. Qxe5 Bf6 12. Qc5+ Qe7 13. Qxe7+ Kxe7 14.
Bf4 dxc3 15. Nxc3 Bxc3+ 16. bxc3 c6 17. O-O Be6 18. a3 h6 19. Rab1 b5 20. Rfd1
Rhd8 21. h3 Rxd1+ 22. Rxd1 Rd8 23. Ra1 a6 24. g4 Kf7 25. Kg2 Rd3 26. Be5 h5 27.
f3 g6 28. a4 hxg4 29. hxg4 Rd2+ 30. Kg3 Ra2 31. Rxa2 Bxa2 32. a5 Ke7 33. Kf4
Bb1 34. Kg5 Kf7 35. Bd4 Bd3 36. e5 Ke6 37. f4 Be4 38. Kh4 Kf7 39. Kg5 Ke6
1/2-1/2